Líderes do mundo nos anos 2000 - Statistics

Estatísticas Gerais
  • Esse quiz foi jogado 129 vezes
  • A pontuação média é 9 de 27
Estatísticas das Respostas
País Líder % Correto
EUA (2009-2017) Barack Obama
95%
Brasil (2003-2011) Lula
91%
Rússia (1999-2008) Vladimir Putin
89%
Brasil (1995-2003) Fernando Henrique Cardoso
82%
EUA (2001-2009) George Bush
78%
EUA (1993-2001) Bill Clinton
68%
Cuba (1976-2008) Fidel Castro
65%
Cuba (2008-2018) Raúl Castro
65%
Alemanha (2005-2021) Angela Merkel
56%
Vaticano (1978-2005) João Paulo II
53%
Vaticano (2005-2013) Bento XVI
47%
Coreia do Norte (1994-2011) Kim Jong-il
29%
Líbia (1977-2011) Muammar al-Gaddafi
21%
Reino Unido (1997-2007) Tony Blair
19%
França (2007-2012) Nicolas Sarkozy
16%
Rússia (2008-2012) Dmitri Medvedev
15%
Reino Unido (2010-2016) David Cameron
13%
Egito (1981-2011) Hosni Mubarak
11%
China (2003-2013) Hu Jintao
9%
Reino Unido (2007-2010) Gordon Brown
7%
França (1995-2007) Jacques Chirac
7%
China (1993-2003) Jiang Zemin
3%
Espanha (2004-2011) Zapatero
2%
Alemanha (1998-2005) Gerhard Schröder
1%
Tunísia (1987-2011) Zine El Abidine Ben Ali
1%
Burkina faso (1987-2014) Blaise Comparé
0%
Espanha (1996-2004) José María Aznar
0%
Nenhum quiz correspondente encontrado
Distribuição das Pontuações
Porcentagem de Pessoas com Cada Pontuação
Percentil de Números Respondidos
Sua Pontuação Histórica
Você não jogou esse quiz